Régions d'Italie - Statistiques

Statistiques générales
  • Ce quiz a été pris 59 794 fois
  • Le résultat moyen est 10 sur 20
Réponses sur la Carte
Les réponses sont colorées sur une échelle allant du rouge au vert en fonction du pourcentage des utilisateurs qui les ont devinées à leur premier essai. Vous pouvez retrouver ces pourcentages ci-dessous.
 
Statistiques - réponses
Capitale Région % Correct
Palerme Sicile
94%
Cagliari Sardaigne
92%
Florence Toscane
75%
Milan Lombardie
68%
Turin Piémont
63%
Bari Pouilles
62%
Aosta Vallée d'Aoste
57%
Venise Vénétie
56%
Rome Latium
55%
Bologne Emilie-Romagne
53%
Catanzaro Calabre
50%
Gênes Ligurie
45%
Naples Campanie
39%
Trente Trentin-Haut-Adige
37%
L'Aquila Abruzzes
33%
Pérouse Ombrie
33%
Trieste Frioul-Vénétie julienne
31%
Ancône Marche
31%
Potenza Basilicate
26%
Campobasso Molise
22%
Aucun quiz correspondant
Distribution des résultats
% des personnes avec chaque résultat
Percentile par nombre de réponses
Votre historique - résultats
Vous n’avez pas pris ce quiz